Score 0/30 Timer 05:00
0 Plays Today
Hint B or R % Correct
Shares a border with Macedonia???
95.7%
Transylvania is located here???
93.8%
Capital is Sofia???
93.1%
The larger of the two countries by area???
90.9%
Bran Castle is one of its top tourist attractions???
90.7%
Flag is a vertical tricolor of blue, yellow, red???
90.4%
The official language is a Romance language???
90.3%
Was ruled by Tsar Boris III from 1918-1943???
89.5%
Second largest city is Cluj-Napoca???
89.1%
Carpathian Mountains run through here???
87.5%
Lake Burgas is its largest natural lake???
87.2%
Its medieval capital was Veliko Tarnovo???
86.7%
Its most profitable company is Automobile Dacia???
85.5%
Unit of currency is the lev???
84.5%
Thracian tombs at Sveshtari and Kazanlak are UNESCO World Heritage Sites???
84.1%
Hint B or R % Correct
Current President is Klaus Iohannis???
83.6%
Its national holiday is Great Union Day (December 1)???
82.6%
Highest peak is Musala (2925 m)???
81.4%
Rhodope mountain range is located here???
81.1%
Its notorious dictator was executed in 1989???
81.1%
Its Black Sea islands include St. Cyricus, St. Anastasia, and St. Ivan???
80.1%
The national instrument is the gaida (bagpipes)???
79.9%
Its easternmost point is Sulina in Tulcea County???
78.8%
The Danube forms part of its northern border???
77.6%
Birthplace of Nobel Peace Prize winner Elie Wiesel???
77.3%
Its official name from 1859 to 1862 was United Principalities???
76.3%
It is the top global producer of lavender essential oil???
75.5%
Its capital has been inhabited since at least 7000 BCE???
68.1%
One of its greatest Olympians was the first gymnast ever to be awarded a perfect 10.0 score???
61.5%
The country with a higher percentage of Roma people???
38.9%

You're not logged in!

Compare scores with friends on all Sporcle quizzes.
OR
Log In

Sporcle TV

Today on Sporcle TV


Watch our educational content, quiz creation guides, and fun videos on Sporcle TV.

Show Comments

Extras

Top Quizzes Today


Score Distribution

Paid Content

Your Account Isn't Verified!

In order to create a playlist on Sporcle, you need to verify the email address you used during registration. Go to your Sporcle Settings to finish the process.

Report this User

Report this user for behavior that violates our Community Guidelines.

Details: